Quizzes
Events
Quiz Creation
Community
Videos
Private Events
Remove Ads
Sign In
Join for FREE
Feedback
Dark Mode
Quiz Categories
Sports
Geography
Music
Movies
Television
Just For Fun
Miscellaneous
History
Literature
Language
Science
Gaming
Entertainment
Religion
Holiday
For Kids
Quiz Lab
Recent
Popular Today
Quiz Kudos Today
Editor Picks
Curator Picks
Quizzes by...
Day
Popularity
Type
Ratings
Length
Year
Community
Subscriptions
Recent Discussions
Orange Saloon
Badges
Playlists
Quests
Create
Leaderboards
Showdown
Live 5
Trivia Bingo
Activity
Puzzle Library
Sporcle Events
Private Events
Virtual Trivia
Globe League
Become a Host
Pub Owners
SporcleCon
Opinionation
Our Games
Videos
Blog
Mobile Apps
Partnerships
Remove Ads and Go Orange
Feedback
Television
TV Characters
TV Show
Sitcom
Network
Friends
Reality Shows
Cast
South Park
Star Trek
The Simpsons
Doctor Who
Television
TV Characters
TV Show
Sitcom
Network
Friends
Reality Shows
Cast
South Park
Star Trek
The Simpsons
Doctor Who
Random Quiz
Search Sporcle
×
Quiz Lab
Quiz Lab
Television
Animal
Type in answers that appear in a list
Type in answers that appear in a list
Classic
Best Score? Go Orange.
Star Trek Pets Stats
Can you name the pets and animals from Star Trek?
By
bluelicorice
5m
22 Questions
87 Plays
87 Plays
87 Plays
Comments
Comments
Give Quiz Kudos
Give Quiz Kudos
-
- Ratings
hide this ad
Replay
Link that replays current quiz
Next Quiz
Link to next quiz in quiz playlist
You Got
0%
They Got
Avg Score
20%
Avg Friend Score
Upgrade to see
Score Distribution
Jump to the score distribution portion of the page
Score
0/22
Timer
05:00
0
Plays Today
Hint
Pet or Animal's Name
% Correct
Data's pet cat
Spot
98.9%
Captain Archer's pet beagle
Porthos
63.2%
The two humpback whales transported into the future from the 20th century
George and Gracie
42.5%
Gary Seven's black cat companion
Isis
33.3%
Reginald Barclay's cat
Neelix
28.7%
The lionfish in Picard's ready room
Livingston
27.6%
Christopher Pike's horse
Tango
20.7%
Captain Kirk's Great Dane
Butler
19.5%
Spock's pet sehlat
I-Chaya
18.4%
Captain Janeway's Irish setter
Mollie
12.6%
Carnivorous weeper plant kept by Yeoman Rand
Beauregard
11.5%
Hint
Pet or Animal's Name
% Correct
Miles O'Brien's pet tarantula
Christina
11.5%
Adopted pet cat of the O'Brien family
Chester
10.3%
Dr. Zimmerman's pet iguana
Leonard
10.3%
Dr. Zimmerman's holographic fly
Roy
5.7%
Sato's Slug
Sluggo
5.7%
Jeremy Aster's pet cat
Patches
4.6%
Tucker's childhood dog
Bedford
3.4%
Dr. Antaak's pet targ
Boshar
3.4%
Lt. Aquiel Uhnari's pet dog
Maura
3.4%
Banean dog who was instrumental in proving Tom Paris' innocence
Neeka
3.4%
Pet dog on Risa who turned out to be a disguised Tandaran
Rhylo
3.4%
Quiz Playlist
Details
Report
Send in Message
Add To Playlist
Classic:
Type in answers that appear in a list
Quiz Source
Last Updated: Feb 16, 2017
Quiz Scoreboard
CHALLENGE
Sign Up to Join the Scoreboard
Show All
Scores
Hide
Comments
May contain spoilers
Recently Published
NBA Finals Game Top Scorers (2010s)
by flibbidy
Sports
5m
Guess the 'R' Things in 3 Words
by MSUKent
Miscellaneous
3m
Actor to Badly Drawn Movie III
by MoMosMoProblems
Movies
5m
More to Explore
Quiz From the Vault
Featured Blog Post
Where Does Lost Luggage Go?
hide this ad
You Might Also Like...
Tags
Animal Quiz
Star Trek Quiz
Character
pet
Science Fiction
Today's Top Quizzes in Television
Browse Television
hide this ad
Today's Top Quizzes in Animal
Browse Animal
Top Contributed Quizzes in Television
1
Hidden Simpsons Character
2
First Name TV: Leading Men
3
Hidden Simpsons Character II
4
Hidden Simpsons Character III
5
First Name TV: Leading Women Drama
6
Hidden Simpsons Character IV
7
Hidden Simpsons Character V
8
Hidden Simpsons Character VI
9
Hidden Simpsons Character VII
10
Pick A Pair: Religious TV
Explore More
Trending Topics
Disney
Anime
NBA
Marvel
Kpop
Crossword
Harry Potter
Country
Pokémon
NFL
Soccer
Puzzle
WWE
The Office
Song
hide this ad
More By:
bluelicorice
Quiz
Plays
Rating
Category
Featured
Created
Most Frequently Occurring Star Trek Races
16,336
4.57
Television
Jun 24, 2011
Star Trek: Multiple Actors
2,317
4.25
Television
Jul 3, 2011
Star Trek Enterprise Lyrics
730
5.00
Television
Jul 25, 2011
Star Trek: First Name Basis
504
4.67
Television
Jul 2, 2011
Eponymous Star Trek
333
4.67
Television
Jul 3, 2011
Go to Creator's Profile
Score Distribution
Quiz Creator Spotlight
bluelicorice
Follow
Send a Message
Quizzes Created
-
Created Quiz Play Count
-
More By This Creator
Popular Quizzes Today
1
Find the US States - No Outlines Minefield
2
Find the US States
3
The Countries of the World
4
10 Largest US States in Order
5
Find the Countries of Europe - No Outlines Minefield
6
US States
7
Guess the 'R' Things in 3 Words
8
NBA Finals Game Top Scorers (2010s)
More Television Quizzes
Animated Locations
Published
Trending Quizzes
First Name TV: Leading Men
Match the Book to the Film II
First Name TV: Leading Women Drama
Match the Book to the Film VI
Pick A Pair: Religious TV
Recently Updated
Women's Final Four Teams by Year
bhenderson79
Presidents Quartet II
eogle
Anything But Clue(do)
eogle
Anything But Oceanian Capitals
eogle
Anything But 7
eogle
Anything But Thing
eogle
Word Ladder: February 29
pecheneg
Song Title Questions
pecheneg
Women's NCAA Tournament #1 Seeds
pecheneg
Celebrity Mug Shots
pecheneg
Trending Topics
Anime
Harry Potter
NBA
Crossword
Marvel
Disney
Kpop
WWE
Pokémon
NFL
Song
Puzzle
Soccer
Country
The Office
Your Account Isn't Verified!
In order to create a playlist on Sporcle, you need to verify the email address you used during registration. Go to your
Sporcle Settings
to finish the process.
Report this User
Report this user for behavior that violates our
Community Guidelines
.
Details:
Send Report
Go to the Sporcle.com Mobile Site →
Comments